Catálogo

Vista normal Vista MARC

Entrada Personal Name

Número de registros utilizados en: 1

001 - CONTROL NUMBER

  • control field: 17240

003 - CONTROL NUMBER IDENTIFIER

  • control field: DLC

005 - DATE AND TIME OF LATEST TRANSACTION

  • control field: 20250623110644.0

008 - FIXED-LENGTH DATA ELEMENTS

  • fixed length control field: 810824n| azannaabn |a aaa

010 ## - LIBRARY OF CONGRESS CONTROL NUMBER

  • LC control number: n 81086851

035 ## - SYSTEM CONTROL NUMBER

  • System control number: (OCoLC)oca00632073

040 ## - CATALOGING SOURCE

  • Original cataloging agency: DLC
  • Language of cataloging: spa
  • Description conventions: rda
  • Transcribing agency: Mx-PuUPA
  • Modifying agency: DNLM
  • Modifying agency: DLC
  • Modifying agency: WaU
  • Modifying agency: OCoLC
  • Modifying agency: UPB
  • Modifying agency: Mx-PuUPA

046 ## - SPECIAL CODED DATES

  • Birth date: 19160608
  • Death date: 20040728

100 1# - HEADING--PERSONAL NAME

  • Personal name: Crick, Francis,
  • Dates associated with a name: 1916-2004

370 ## - ASSOCIATED PLACE

  • Place of birth: Northampton (Inglaterra)
  • Source of term: naf

370 ## - ASSOCIATED PLACE

  • Place of death: San Diego (California)
  • Source of term: naf

370 ## - ASSOCIATED PLACE

  • Associated country: Inglaterra
  • Source of term: naf

372 ## - FIELD OF ACTIVITY

  • Field of activity: DNA
  • Source of term: lcsh

373 ## - ASSOCIATED GROUP

  • Associated group: Instituto Salk de Estudios Biológicos
  • Source of term: naf

374 ## - OCCUPATION

  • Occupation: Físico
  • Source of term: lcsh

374 ## - OCCUPATION

  • Occupation: Biólogo molecular
  • Source of term: lcsh

374 ## - OCCUPATION

  • Occupation: Neurocientífico
  • Source of term: lcsh

374 ## - OCCUPATION

  • Occupation: Autor
  • Source of term: lcsh

375 ## - GENDER

  • Gender: hombre

377 ## - ASSOCIATED LANGUAGE

  • Language code: eng

378 ## - FULLER FORM OF PERSONAL NAME

  • Fuller form of personal name: Francis Harry Compton

400 1# - SEE FROM TRACING--PERSONAL NAME

  • Personal name: Crick, F. H. C.
  • Fuller form of name: (Francis Harry Compton),
  • Dates associated with a name: 1916-2004

670 ## - SOURCE DATA FOUND

  • Source citation: His Of molecules and men, 1966.

670 ## - SOURCE DATA FOUND

  • Source citation: Papers of DNA pioneer and Nobel Laureate Francis Crick added to National Library of Medicine's Profiles in science Web site, Feb. 2005 (Francis Harry Compton Crick; b. 1916-2004)

670 ## - SOURCE DATA FOUND

  • Source citation: Wikipedia WWW site, June 28, 2005
  • Information found: (under Francis Crick: Professor Francis Harry Compton Crick, OM, FRS; b. June 8, 1916, Northampton; d. July 28, 2004, San Diego; British physicist, molecular biologist and neuroscientist, most noted for being one of the discoverers of the structure of the DNA molecule)

670 ## - SOURCE DATA FOUND

  • Source citation: OCLC, Oct. 25, 2006
  • Information found: (hdgs.: Crick, Francis, 1916-2004; Crick, F. H. C.; usage: Francis Crick; Francis H.C. Crick; F.H.C. Crick)